[Event "Stuttgart-chB int"]
[Site "Ditzingen"]
[Date "2016.05.06"]
[Round "3"]
[White "Lechler, Walter"]
[Black "Kusch, Jacek"]
[Result "1/2-1/2"]
[WhiteElo "1557"]
[BlackElo "1720"]
[PlyCount "68"]
[EventDate "2016.05.05"]
[EventType "swiss"]
[EventRounds "7"]
[EventCountry "GER"]
[SourceTitle "EXT 2018"]
[Source "ChessBase"]
[SourceDate "2017.10.13"]
[SourceVersion "1"]
[SourceVersionDate "2017.10.13"]
[SourceQuality "1"]

1. e4 c5 2. Nf3 Nc6 3. d4 cxd4 4. Nxd4 Nf6 5. Nc3 a6 6. Be2 e6 7. a3 Be7 8. 0-0 0-0 9. Be3 Qc7 10. Qd2 b5 11. Nxc6 dxc6 12. Rfd1 Bb7 13. f3 Rfd8 14. Qe1 c5 15. Rxd8+ Rxd8 16. Rd1 Bd6 17. g3 h5 18. Bg5 Be7 19. Rxd8+ Qxd8 20. Qd1 Qc7 21. Qd2 b4 22. axb4 cxb4 23. Na4 a5 24. b3 Bc6 25. Be3 Nh7 26. Bb6 Qb7 27. Be3 h4 28. Kg2 Qb8 29. Bf4 e5 30. Be3 g5 31. g4 Nf8 32. Bxg5 Bxg5 33. Qxg5+ Ng6 34. Bd3 Qd6 1/2-1/2

[Event "Nuremberg Zabo op 17th"]
[Site "Nuremberg"]
[Date "2015.09.21"]
[Round "5"]
[White "Hofmann, Lorenz"]
[Black "Lechler, Walter"]
[Result "1-0"]
[WhiteElo "1662"]
[BlackElo "1465"]
[PlyCount "121"]
[EventDate "2015.09.21"]
[EventType "swiss"]
[EventRounds "5"]
[EventCountry "GER"]
[SourceTitle "EXT 2018"]
[Source "ChessBase"]
[SourceDate "2017.10.13"]
[SourceVersion "1"]
[SourceVersionDate "2017.10.13"]
[SourceQuality "1"]

1. e4 c5 2. Nf3 d6 3. d4 cxd4 4. Nxd4 Nf6 5. Nc3 g6 6. f3 Bg7 7. Be3 0-0 8. Bc4 Nc6 9. Nde2 a6 10. 0-0 Qc7 11. Bb3 Na5 12. Qc1 Nxb3 13. axb3 Be6 14. Rd1 Rac8 15. Bh6 Rfd8 16. Bxg7 Kxg7 17. Rd2 d5 18. exd5 Nxd5 19. Nxd5 Bxd5 20. Nc3 Bc6 21. Rxd8 Rxd8 22. Qe3 e6 23. Re1 h5 24. Qe5+ Qxe5 25. Rxe5 Rd2 26. Re2 Rd4 27. Kf2 Kf6 28. Ke3 Rd8 29. Ne4+ Bxe4 30. Kxe4 e5 31. Ke3 g5 32. Rd2 Rxd2 33. Kxd2 Ke6 34. Ke3 f5 35. h3 h4 36. b4 Kd5 37. b3 b5 38. Kd3 e4+ 39. fxe4+ fxe4+ 40. Ke3 Ke5 41. c4 Kf5 42. c5 Ke5 43. Kf2 Kd5 44. g3 hxg3+ 45. Kxg3 Ke5 46. Kf2 Ke6 47. Ke3 Ke5 48. c6 Kd6 49. Kxe4 Kxc6 50. Kf5 Kd5 51. Kxg5 Kd4 52. h4 Kc3 53. h5 Kxb4 54. h6 Kxb3 55. h7 a5 56. h8Q b4 57. Kf4 a4 58. Ke3 a3 59. Kd2 Kc4 60. Qc8+ Kb3 61. Qc2# 1-0

[Event "Nuremberg Zabo op 17th"]
[Site "Nuremberg"]
[Date "2015.09.21"]
[Round "2"]
[White "Laustsen, Karl Johann"]
[Black "Lechler, Walter"]
[Result "1/2-1/2"]
[WhiteElo "1837"]
[BlackElo "1465"]
[PlyCount "78"]
[EventDate "2015.09.21"]
[EventType "swiss"]
[EventRounds "5"]
[EventCountry "GER"]
[SourceTitle "EXT 2018"]
[Source "ChessBase"]
[SourceDate "2017.10.13"]
[SourceVersion "1"]
[SourceVersionDate "2017.10.13"]
[SourceQuality "1"]

1. d4 d5 2. Bf4 Nf6 3. e3 e6 4. Nd2 Be7 5. c3 Nbd7 6. Bd3 c5 7. Ngf3 0-0 8. Ne5 Nxe5 9. dxe5 Nd7 10. Qh5 g6 11. Qg4 f5 12. exf6 Nxf6 13. Qd1 Bd7 14. Nf3 c4 15. Bc2 Nh5 16. Bg3 Bf6 17. Qd2 Bc6 18. Rd1 Qa5 19. a3 Ba4 20. Be5 Bxc2 21. Qxc2 Bxe5 22. Nxe5 Qc7 23. Nf3 b5 24. 0-0 a6 25. e4 Nf6 26. exd5 exd5 27. Nd4 Rae8 28. Rde1 Rxe1 29. Rxe1 Re8 30. Rxe8+ Nxe8 31. Qe2 Qd7 32. Qe5 Ng7 33. Qf6 Qe8 34. Kf1 Qe4 35. Qd8+ Kf7 36. Qd7+ Kf8 37. Qd6+ Kf7 38. Qd7+ Kf8 39. Qd6+ Kf7 1/2-1/2

[Event "Stuttgart-chB op"]
[Site "Ditzingen"]
[Date "2015.05.14"]
[Round "1"]
[White "Baelz, Juergen"]
[Black "Lechler, Walter"]
[Result "1-0"]
[WhiteElo "1802"]
[BlackElo "1562"]
[PlyCount "105"]
[EventDate "2015.05.17"]
[EventType "swiss"]
[EventRounds "7"]
[EventCountry "GER"]
[SourceTitle "EXT 2018"]
[Source "ChessBase"]
[SourceDate "2017.10.13"]
[SourceVersion "1"]
[SourceVersionDate "2017.10.13"]
[SourceQuality "1"]

1. Nf3 d5 2. d4 Nf6 3. c4 e6 4. g3 Be7 5. Bg2 0-0 6. 0-0 b6 7. Qc2 Bb7 8. b3 Nbd7 9. Bb2 c5 10. cxd5 exd5 11. Nc3 Rc8 12. Rac1 a6 13. Qb1 Bd6 14. e3 Qe7 15. Rfd1 Rfe8 16. dxc5 Nxc5 17. Nd4 g6 18. b4 Nce4 19. Nxe4 dxe4 20. b5 Rxc1 21. Rxc1 axb5 22. Nxb5 Bc5 23. Ba1 Nd7 24. Qb2 Ne5 25. Rd1 f6 26. Nc3 Rd8 27. Qb3+ Kg7 28. Nxe4 Rxd1+ 29. Qxd1 Bxe4 30. Bxe4 Qd7 31. Qxd7+ Nxd7 32. Kf1 Kf7 33. Bd5+ Ke7 34. Ke2 h6 35. Bd4 Kd6 36. Bf7 g5 37. f4 Ke7 38. Bb3 h5 39. h3 Kd6 40. Bf7 h4 41. Bxc5+ Nxc5 42. gxh4 gxf4 43. exf4 Ke7 44. Bb3 f5 45. Ke3 Kf6 46. Bc2 Ne6 47. Bb3 Nc5 48. h5 Ne6 49. Bxe6 Kxe6 50. Kd4 Kf6 51. Kd5 b5 52. Kd6 b4 53. Kd5 1-0

[Event "Nuremberg Zabo op 12th"]
[Site "Nuremberg"]
[Date "2010.09.18"]
[Round "2"]
[White "Lechler, Walter"]
[Black "Homfeldt, Maren"]
[Result "1-0"]
[WhiteElo "1522"]
[BlackElo "799"]
[PlyCount "23"]
[EventDate "2010.09.17"]
[EventType "swiss"]
[EventRounds "5"]
[EventCountry "GER"]
[SourceTitle "EXT 2011"]
[Source "ChessBase"]
[SourceDate "2010.11.26"]
[SourceVersion "1"]
[SourceVersionDate "2010.11.26"]
[SourceQuality "1"]

1. e4 e6 2. d4 d5 3. Nd2 c5 4. exd5 exd5 5. Ngf3 Bd6 6. Bb5+ Nc6 7. 0-0 Bd7 8. Re1+ Nge7 9. dxc5 Bxc5 10. Nb3 b6 11. Qxd5 Be6 12. Bxc6+ 1-0

[Event "Nuremberg Zabo op 12th"]
[Site "Nuremberg"]
[Date "2010.09.17"]
[Round "1"]
[White "Lais, Thomas"]
[Black "Lechler, Walter"]
[Result "1-0"]
[WhiteElo "2010"]
[BlackElo "1522"]
[PlyCount "57"]
[EventDate "2010.09.17"]
[EventType "swiss"]
[EventRounds "5"]
[EventCountry "GER"]
[SourceTitle "EXT 2011"]
[Source "ChessBase"]
[SourceDate "2010.11.26"]
[SourceVersion "1"]
[SourceVersionDate "2010.11.26"]
[SourceQuality "1"]

1. e4 c5 2. Nf3 d6 3. d4 cxd4 4. Nxd4 Nf6 5. Nc3 g6 6. Be3 Bg7 7. f3 0-0 8. Qd2 Nc6 9. Bc4 Bd7 10. h4 h5 11. 0-0-0 Rc8 12. Bb3 Ne5 13. Bh6 Qa5 14. Bxg7 Kxg7 15. Kb1 Nc4 16. Bxc4 Rxc4 17. Nb3 Qc7 18. g4 Be6 19. Nd4 Rc8 20. Nxe6+ fxe6 21. gxh5 Nxh5 22. Rhg1 Rg8 23. f4 Rxc3 24. bxc3 Qa5 25. Rg5 Qb6+ 26. Ka1 Kf7 27. f5 gxf5 28. Rxg8 Kxg8 29. Qg5+ 1-0

[Event "Nuremberg Zabo op 10th"]
[Site "Nuremberg"]
[Date "2008.09.21"]
[Round "4"]
[White "Bunk, Karsten"]
[Black "Lechler, Walter"]
[Result "1-0"]
[WhiteElo "2008"]
[BlackElo "1626"]
[PlyCount "113"]
[EventDate "2008.09.19"]
[EventType "swiss"]
[EventRounds "5"]
[EventCountry "GER"]
[SourceTitle "EXT 2012"]
[Source "ChessBase"]
[SourceDate "2011.11.24"]
[SourceVersion "1"]
[SourceVersionDate "2011.11.24"]
[SourceQuality "1"]

1. d4 d5 2. Nf3 Nf6 3. e3 e6 4. Bd3 Be7 5. 0-0 0-0 6. Nbd2 b6 7. Qe2 Bb7 8. Ne5 Nbd7 9. f4 Nxe5 10. fxe5 Nd7 11. Qh5 g6 12. Qh3 c5 13. c3 a6 14. Rf3 c4 15. Bc2 b5 16. Nf1 Qb6 17. Qh6 f5 18. h4 Rf7 19. Bd2 Rg7 20. Nh2 Rf8 21. Raf1 Qd8 22. Rh3 a5 23. Nf3 Rff7 24. Qf4 Kh8 25. Ng5 Bxg5 26. hxg5 Qe8 27. Kf2 Kg8 28. Rfh1 Qe7 29. a3 a4 30. Ke2 Nf8 31. Be1 Bc6 32. Kd2 Bb7 33. Bd1 Bc6 34. Qf1 Bb7 35. Bg3 Bc6 36. Bf4 Bb7 37. Bf3 Bc6 38. g3 Bb7 39. Qg2 Qd7 40. Qe2 Re7 41. g4 Qd8 42. Rh6 Bc6 43. gxf5 exf5 44. e6 Rxe6 45. Be5 Rf7 46. Qg2 Qd7 47. Qg3 Bb7 48. R1h4 Bc6 49. Qg2 Bb7 50. Qh1 Bc6 51. Bf6 Qb7 52. Bd1 Qd7 53. Bc2 Re8 54. Rf4 Qe6 55. Qh3 Nd7 56. Rxg6+ Kf8 57. Qh6+ 1-0

[Event "Nuremberg Zabo op 10th"]
[Site "Nuremberg"]
[Date "2008.09.19"]
[Round "1"]
[White "Lechler, Walter"]
[Black "Sporrer, Bernhard"]
[Result "0-1"]
[WhiteElo "1626"]
[BlackElo "2054"]
[PlyCount "88"]
[EventDate "2008.09.19"]
[EventType "swiss"]
[EventRounds "5"]
[EventCountry "GER"]
[SourceTitle "EXT 2012"]
[Source "ChessBase"]
[SourceDate "2011.11.24"]
[SourceVersion "1"]
[SourceVersionDate "2011.11.24"]
[SourceQuality "1"]

1. e4 c5 2. Nf3 d6 3. d4 cxd4 4. Nxd4 Nf6 5. Nc3 g6 6. Be3 Bg7 7. f3 Nc6 8. Qd2 0-0 9. Bc4 Bd7 10. 0-0-0 Rc8 11. Bb3 Nxd4 12. Bxd4 b5 13. Nd5 Nxd5 14. Bxd5 Bxd4 15. Qxd4 Qc7 16. Rd2 a5 17. e5 Bf5 18. exd6 Qxd6 19. Be4 Qxd4 20. Rxd4 Rc5 21. Bxf5 gxf5 22. Rhd1 e5 23. Rd5 Rfc8 24. Rxc5 Rxc5 25. b3 Kg7 26. Rd6 f6 27. Kd2 b4 28. Rd3 e4 29. Re3 Re5 30. c4 Kf7 31. h3 h5 32. h4 Ke7 33. Ke2 Kd6 34. f4 Re6 35. Rg3 Kc5 36. Ke3 Rd6 37. Rg6 a4 38. bxa4 Kxc4 39. Rh6 Rd3+ 40. Ke2 Ra3 41. Rxf6 Rxa2+ 42. Kd1 Kd3 43. Rd6+ Ke3 44. g3 Kf3 0-1

[Event "Crailsheim op 4th"]
[Site "Crailsheim"]
[Date "1998.??.??"]
[Round "?"]
[White "Schmidt, Georg"]
[Black "Lechler, Walter"]
[Result "1-0"]
[WhiteElo "2230"]
[BlackElo "1715"]
[PlyCount "66"]
[EventDate "1998.05.??"]
[EventType "swiss"]
[EventRounds "7"]
[EventCountry "GER"]
[SourceTitle "EXT 2006"]
[Source "ChessBase"]
[SourceDate "2005.11.24"]
[SourceVersion "1"]
[SourceVersionDate "2005.11.24"]
[SourceQuality "1"]

1. e4 c5 2. Nf3 d6 3. Bb5+ Bd7 4. Bxd7+ Nxd7 5. c4 Ngf6 6. Nc3 g6 7. d4 cxd4 8. Nxd4 Bg7 9. Be3 0-0 10. f3 Rc8 11. b3 Ne5 12. Qd2 Qa5 13. Rc1 a6 14. 0-0 Rfe8 15. Rfd1 Nc6 16. Nxc6 Rxc6 17. Nd5 Qxd2 18. Rxd2 Nxd5 19. exd5 Rc7 20. b4 Rec8 21. c5 dxc5 22. bxc5 Be5 23. f4 Bf6 24. Kf2 Kf8 25. Kf3 Ke8 26. Rdc2 Bg7 27. g4 h6 28. Ke4 Kd7 29. Rb1 e6 30. d6 Rc6 31. Rxb7+ Kd8 32. Rxf7 Ba1 33. f5 Rxd6 1-0

[Event "Crailsheim op 1st"]
[Site "Crailsheim"]
[Date "1995.??.??"]
[Round "?"]
[White "Lechler, Walter"]
[Black "Langheinrich, Ferenc"]
[Result "0-1"]
[WhiteElo "1605"]
[BlackElo "1760"]
[PlyCount "96"]
[EventDate "1995.??.??"]
[EventType "swiss"]
[EventRounds "7"]
[EventCountry "GER"]
[SourceTitle "EXT 1999"]
[Source "ChessBase"]
[SourceDate "1998.11.16"]
[SourceVersion "1"]
[SourceVersionDate "1998.11.16"]
[SourceQuality "1"]

1. e4 c5 2. Nf3 d6 3. d4 cxd4 4. Nxd4 Nf6 5. Nc3 g6 6. Be2 e6 7. 0-0 Be7 8. Be3 Qc7 9. Qd2 Nc6 10. f4 0-0 11. Nb3 b5 12. a3 Bb7 13. Bf3 Rac8 14. Rac1 Rfd8 15. Qf2 Nd7 16. Rfd1 Ba8 17. Ne2 Rb8 18. c3 a5 19. Nbd4 Nc5 20. Ng3 a4 21. Qe2 Qb6 22. Kh1 Na5 23. f5 e5 24. Nc2 Nc4 25. Nb4 Qa5 26. Bg1 Bg5 27. Rc2 Nb3 28. Nf1 Qc7 29. Na6 Qe7 30. Nxb8 Rxb8 31. Ne3 Bxe3 32. Bxe3 Qh4 33. Bf2 Qg5 34. Qe1 Qe7 35. Bh4 f6 36. Be2 Ne3 37. Rdd2 Nxd2 38. Rxd2 Nc4 39. Bxc4+ bxc4 40. Bf2 Qb7 41. Re2 Rd8 42. Qd1 Qc6 43. Qg1 Rd7 44. Bb6 d5 45. exd5 Qxd5 46. h3 Qd3 47. Qf2 Qxh3+ 48. Kg1 Rd1+ 0-1